South-East Asia : A short story
This book introduction about history The South-East Asia such as Thailand, Indonesia, Vietnam,...
Gardado en:
| Autor Principal: | |
|---|---|
| Formato: | Libro |
| Idioma: | Undetermined |
| Publicado: |
London
MacMillan & Co.
1954
|
| Các nhãn: |
Engadir etiqueta
Sen Etiquetas, Sexa o primeiro en etiquetar este rexistro!
|
| Thư viện lưu trữ: | Trung tâm Học liệu Trường Đại học Cần Thơ |
|---|
| LEADER | 00565nam a2200193Ia 4500 | ||
|---|---|---|---|
| 001 | CTU_110902 | ||
| 008 | 210402s9999 xx 000 0 und d | ||
| 082 | |a 959 | ||
| 082 | |b H318 | ||
| 100 | |a Harrison, Brian | ||
| 245 | 0 | |a South-East Asia : | |
| 245 | 2 | |b A short story | |
| 245 | 0 | |c Brian Harrison | |
| 260 | |a London | ||
| 260 | |b MacMillan & Co. | ||
| 260 | |c 1954 | ||
| 520 | |a This book introduction about history The South-East Asia such as Thailand, Indonesia, Vietnam,... | ||
| 904 | |i Giang | ||
| 980 | |a Trung tâm Học liệu Trường Đại học Cần Thơ | ||